| 000 | 00580nam a2200157Ia 4500 | ||
|---|---|---|---|
| 008 | 160316s2003 xxu||||| |||| 00| 0 eng d | ||
| 082 |
_a378.242000 _bGUP |
||
| 100 | _aGupta Sanjay | ||
| 245 | _aScientific research in Indian universities | ||
| 250 | _a | ||
| 260 |
_aNew Delhi _bAssociation of Indian Universities _c2003 |
||
| 300 |
_a126p _b _cvii |
||
| 365 | _bRs.130 | ||
| 650 | _a1. Higher Education - Doctor of Philosophy - Status - India 2. Higher Education - Scientific Research - Status - India 3. Scientific Research - Status - University Level - India | ||
| 700 |
_a _a |
||
| 999 |
_c21144 _d21144 |
||